Southville International School and Colleges
Your cart is empty.
  • Cart
  • Lists
    Public lists Eva Luna New books Lux_list list_1
    Your lists Log in to create your own lists
  • Log in to your account
  • Your cookies
  • Search history
Southville International School and Colleges
  • Advanced search
  • Recent comments
  • Most popular
  • Libraries

Log in to your account

Log in with GOOGLE


If you do not have an external account, but do have a local account, you can still log in:

  1. Home
  2. MARC view: Counting caterpillars and other math poems :
Normal view MARC view ISBD view

Counting caterpillars and other math poems : (Record no. 106219)

[ view plain ]
MARC details
000 -LEADER
fixed length control field 00603nam a2200169 a 4500
005 - DATE AND TIME OF LATEST TRANSACTION
control field 20140412111426.0
008 - FIXED-LENGTH DATA ELEMENTS--GENERAL INFORMATION
fixed length control field 090626s19uu xx 00 eng d
020 ## - INTERNATIONAL STANDARD BOOK NUMBER
International Standard Book Number 0-590-64210-3
050 ## - LIBRARY OF CONGRESS CALL NUMBER
Classification number TR(GS 793.7
Item number F84 1998
100 ## - MAIN ENTRY--PERSONAL NAME
Personal name Franco, Betsy
245 ## - TITLE STATEMENT
Title Counting caterpillars and other math poems :
Remainder of title 25 Rhyming poems with instant activities that build early math skills /
Statement of responsibility, etc Betsy Franco.
260 ## - PUBLICATION, DISTRIBUTION, ETC. (IMPRINT)
Place of publication, distribution, etc U.S.A :
Name of publisher, distributor, etc Scholastic,
Date of publication, distribution, etc 1998.
300 ## - PHYSICAL DESCRIPTION
Extent 64p.
500 ## - GENERAL NOTE
General note Poems about addition, subtraction, patterning, shapes, simple fractions, and more.
650 ## - SUBJECT ADDED ENTRY--TOPICAL TERM
Topical term or geographic name as entry element Poems - Math
Holdings
Withdrawn status Lost status Damaged status Use restrictions Home library Current library Shelving location Date acquired Source of acquisition Cost, normal purchase price Total Checkouts Full call number Barcode Date last seen Price effective from Koha item type
        Elizalde Library Elizalde Library Teachers Reference Section 06/26/2009   225.00   TR(GS 793.7 F84 1998 E11451 04/12/2014 04/12/2014 Books

Counting caterpillars and other math poems :

APA

Franco B., . (1998). Counting caterpillars and other math poems. U.S.A: Scholastic.

Chicago

Franco Betsy, . 1998. Counting caterpillars and other math poems. U.S.A: Scholastic.

Harvard

Franco B., . (1998). Counting caterpillars and other math poems. U.S.A: Scholastic.

MLA

Franco Betsy, . Counting caterpillars and other math poems. U.S.A: Scholastic. 1998.

  • Place hold
  • Print
  • Cite
  • Add to your cart (remove)
  • Save record
    BIBTEX Dublin Core MARCXML MARC (non-Unicode/MARC-8) MARC (Unicode/UTF-8) MARC (Unicode/UTF-8, Standard) MODS (XML) RIS
  • More searches
    Search for this title in:
    Other Libraries (WorldCat) Other Databases (Google Scholar) Online Stores (Bookfinder.com) Open Library (openlibrary.org)

Exporting to Dublin Core...

SOUTHVILLE LIBRARY

Southville International School and Colleges Library

1281 Tropical Ave. Cor. Luxembourg St., BF Homes International, Las Pinas City

Tel. No. 8256374 / 252358 Loc. 117/146

Powered by Koha